000 00709cam a2200229 a 4500
001 11937887
005 20171211060307.0
008 000310s1999 enka b 001 0 eng
010 _a 00302006
020 _a1856043185
040 _aDLC
_cDLC
_dDLC
041 _aeng
080 _aLIB 025.05 CHO
082 0 0 _aLIB 025.04 CHO
_221
100 1 _a0
101 _aLIB
245 1 0 _aIntroduction to modern information retrieval /
_cG.G. Chowdhury.
504 _aIncludes bibliographical references and index.
906 _a7
_bcbc
_corignew
_d3
_encip
_f20
_gy-gencatlg
942 _2ddc
_cBK
999 _c38848
_d38848